[Event "GER-ch Blitz 2019"]
[Site "Magdeburg"]
[Date "2019.05.25"]
[Round "2.1"]
[White "Kopylov, Daniel"]
[Black "Gustafsson, Jan"]
[Result "1-0"]
[WhiteElo "2263"]
[BlackElo "2639"]
[Annotator "TA"]
[PlyCount "107"]
[EventDate "2019.05.25"]
[EventType "tourn"]
[EventCountry "GER"]
[Tiebreak "Number of wins+Number of black wins"]
[SourceTitle "playchess.com"]
[Source "ChessBase"]
[SourceQuality "1"]

{[%evp 14,107,0,-10,6,-2,18,0,3,0,1,0,0,5,30,0,4,0,6,6,14,5,10,5,23,0,0,-41,
-14,-17,0,0,14,14,10,-19,-19,-17,-20,-20,-15,-20,-20,-28,-7,-16,-17,-26,-15,
-22,-15,-53,-68,-50,-35,-39,-18,-22,-22,-37,-37,-70,0,0,0,0,0,0,591,590,590,
585,526,520,1487,1487,1460,1199,1497,891,808,0,479,446,1496,1457,1446,1446,
1291,1211,1168,1120,1087,902,1047,544]} 1. e4 e5 2. Nf3 Nc6 3. Nc3 Nf6 4. d4
exd4 5. Nxd4 Bb4 6. Nxc6 bxc6 7. Bd3 d5 8. exd5 O-O {C47: Scotch Four Knights
and Four Knights with 4 g3} 9. O-O Bg4 (9... cxd5 {is more complex.} 10. Qf3 c6
11. h3 Be6 12. Ne2 Bd6) (9... cxd5 10. Bg5 c6 11. Qf3 Bd6 12. Rae1 Rb8 13. Nd1
h6 14. Bxf6 Qxf6 15. Qxf6 gxf6 16. b3 Kg7 17. Ne3 Re8 18. Nf5+ Bxf5 19. Bxf5
Re5 20. Bd7 Rb6 21. g3 {1/2-1/2 (43) Rapport,R (2726)-Ding,L (2809) Shenzhen
2019}) 10. Be2 Bxe2 {The position is equal.} 11. Nxe2 cxd5 12. Bg5 Re8 13. Nd4
{[#]} Qd6 $146 ({Predecessor:} 13... Bc5 14. c3 h6 15. Bh4 Qd6 16. Nb5 Qb6 17.
Bxf6 Qxb5 {0-1 (30) Liu,G (2445)-Wen,Y (2596) Hangzhou 2018}) 14. c3 (14. Nb5
$5 {[%cal Rb5d6]} Qb6 {[#]} 15. Nxc7 $1 {[%mdl 512]} Qxc7 16. Bxf6 $14) 14...
Bc5 15. Nb3 Bb6 16. Bxf6 $1 Qxf6 17. Qxd5 Rad8 18. Qc4 h5 19. a4 {Strongly
threatening a5.} a5 20. Nc5 Qf5 (20... Qc6 $5 21. b4 $8 Bxc5 22. Qxc5 Qxc5 23.
bxc5 Rd3 $11) 21. b4 Rd2 22. Rad1 Ree2 23. Rxd2 Rxd2 24. Qe4 Qxe4 25. Nxe4 $11
{[%mdl 4096] Endgame KRB-KRN} Ra2 26. bxa5 Bxa5 27. g3 Rxa4 28. Re1 Bb6 29. Re2
(29. Ng5 {keeps more tension.} g6 30. Re8+ Kg7 31. Kf1 Ra2 32. Re2) 29... f6
30. h4 Kf7 31. Kg2 Kg6 32. Kf3 Kf5 33. Nd2 $1 Ra3 34. Ne4 g5 35. hxg5 fxg5 {
Black wants to play ...Ra4.} 36. g4+ hxg4+ 37. Kg2 $1 Kf4 (37... Kg6 $15) 38.
Ng3 {[%csl Gg3][%cal Re2e4]} Ra4 39. Re7 Rc4 40. Re8 Ba5 $2 {[%mdl 8192]} (
40... Ba7 $11) 41. Rf8+ $18 Ke5 42. Rf5+ {[%mdl 64] [#] Double Attack} Ke6 43.
Rxa5 Rxc3 (43... c5 $142 44. Ra3 Ke5) 44. Rxg5 {KRN-KR} Rc4 45. Nf1 Kf6 46. Rg8
Kf7 47. Rg5 Kf6 48. Ra5 {White is clearly winning.} c5 (48... Ke6 $142 49. Kg3
Kd6) 49. Ne3 Rc1 50. Nxg4+ Ke6 51. Ne3 Ke5 52. Kf3 Rc3 53. Ra4 Ke6 54. Rc4 {
Accuracy: White = 61%, Black = 30%.} 1-0

[Event "GER-ch Blitz 2019"]
[Site "Magdeburg"]
[Date "2019.05.25"]
[Round "2.2"]
[White "Zelbel, Patrick"]
[Black "Schmaltz, Roland"]
[Result "1/2-1/2"]
[WhiteElo "2439"]
[BlackElo "2461"]
[Annotator "TA"]
[PlyCount "105"]
[EventDate "2019.05.25"]
[EventType "tourn"]
[EventCountry "GER"]
[Tiebreak "Number of wins+Number of black wins"]
[SourceTitle "playchess.com"]
[Source "ChessBase"]
[SourceQuality "1"]

{[%evp 9,105,40,53,-11,73,51,48,53,63,66,79,71,70,0,0,16,85,74,89,47,50,58,87,
41,76,60,69,40,94,108,127,88,90,66,91,98,245,239,245,225,265,262,309,301,349,
286,341,337,499,486,699,634,631,621,860,859,850,833,815,799,1055,912,1192,1203,
1164,1169,1392,992,935,-310,-314,-320,-302,-305,-210,-209,-210,-276,-211,-234,
-240,-281,-73,-73,-73,-73,-46,-46,-46,-46,-39,-39,-22,-38,-22,-22,-22,-22]} 1.
e4 d6 2. d4 Nf6 3. Nc3 g6 4. Be3 a6 5. f4 (5. h3 e6 6. Bd3 Nbd7 7. Nf3 b5 8. e5
b4 9. Ne4 Nxe4 10. Bxe4 d5 11. Bd3 c5 12. c3 bxc3 13. bxc3 {1-0 (35) Shankland,
S (2725)-Nepomniachtchi,I (2763) Wijk aan Zee 2019}) 5... b5 6. Bd3 {B07: Pirc
Defence: Miscellaneous Systems} (6. e5 $14 b4 7. Qf3 (7. exf6 bxc3 8. bxc3 Nd7
$11)) 6... Bg7 (6... Bb7 $11) 7. Nf3 Bb7 8. e5 {White is slightly better.} Nd5
9. Nxd5 Bxd5 10. a4 b4 11. c4 ({White should play} 11. O-O $14) 11... bxc3 $1
$11 12. bxc3 e6 $146 (12... c5 $11) ({Predecessor:} 12... Nd7 13. c4 Bxf3 14.
Qxf3 {1/2-1/2 (22) Klein,F (2288)-Skutta,B (2130) Maastricht 2009}) 13. O-O O-O
14. a5 Nd7 15. Qe2 Qc8 16. Nd2 dxe5 17. fxe5 c5 18. Ne4 $36 {[%mdl 2048] White
has good play.} Bxe4 (18... Qc7 $14) 19. Bxe4 $16 Ra7 20. Rfc1 Rc7 21. Bd3 c4
22. Be4 Nb8 (22... f6 $16 {is a better defense.}) 23. Rcb1 $18 Nc6 24. Bc1 Na7
25. Ba3 Rd8 26. Bd6 Nb5 27. Bxc7 Qxc7 28. Qf3 Rd7 (28... f5 $142 29. Bb7 Nxd4
30. cxd4 Rxd4) 29. Bc6 Nxc3 (29... Rxd4 $142 30. Rxb5 Bxe5) 30. Rb7 Ne2+ 31.
Kh1 Qxb7 32. Bxb7 Nxd4 33. Qe4 c3 34. Bxa6 Nb3 35. Re1 Nc5 36. Qa8+ Bf8 37. Bb5
Rd2 38. h3 c2 39. Kh2 $4 {[%mdl 8192]} (39. Qf3 $18 {is the narrow road to win.
} Ne4 40. Qxe4) 39... Rd1 $19 40. Rxd1 cxd1=Q 41. a6 {[#] With the idea a7.}
Nxa6 $1 42. Bxa6 (42. Qxa6 Qd4) 42... Qd4 43. Qb8 Qc5 44. Bb7 Kg7 {Hoping for .
..Qb4!} 45. Bf3 Qb4 $2 {[#]} (45... Qe3 $19 {is more deadly. Threatens to win
with ...Qf4+.} 46. Qb5 Qf4+ 47. Kh1 Qc1+ 48. Kh2 Bc5) 46. Qxb4 $17 Bxb4 {
[%mdl 4096] Endgame KB-KB} 47. Kg3 Bd2 48. Be2 g5 49. Kf3 Bf4 50. Ke4 h6 51. g4
f6 52. exf6+ Kxf6 53. Bc4 {Accuracy: White = 67%, Black = 26%.} 1/2-1/2

[Event "GER-ch Blitz 2019"]
[Site "Magdeburg"]
[Date "2019.05.25"]
[Round "2.3"]
[White "Stein, Robert"]
[Black "Schulze, Marc"]
[Result "0-1"]
[WhiteElo "2318"]
[BlackElo "2220"]
[Annotator "NA"]
[PlyCount "56"]
[EventDate "2019.05.25"]
[EventType "tourn"]
[EventCountry "GER"]
[Tiebreak "Number of wins+Number of black wins"]
[SourceTitle "playchess.com"]
[Source "ChessBase"]
[SourceQuality "1"]
[TimeControl "180+2"]

1. d4 {[%emt 0:00:01]} Nf6 {[%emt 0:00:00]} 2. c4 {[%emt 0:00:01]} d6 {[%emt 0:
00:00]} 3. Nf3 {[%emt 0:00:02]} Bf5 {[%emt 0:00:00]} 4. Nc3 {[%emt 0:00:04]} h6
{[%emt 0:00:01]} 5. g3 {[%emt 0:00:07]} Nbd7 {[%emt 0:00:01]} 6. Bg2 {[%emt 0:
00:01]} c6 {[%emt 0:00:01]} 7. O-O {[%emt 0:00:01]} e5 {[%emt 0:00:01]} 8. b3 {
[%emt 0:00:16]} Be7 {[%emt 0:00:02]} 9. Bb2 {[%emt 0:00:01]} O-O {[%emt 0:00:
09]} 10. dxe5 {[%emt 0:00:01]} dxe5 {[%emt 0:00:01]} 11. h3 {[%emt 0:00:20]}
Qc7 {[%emt 0:00:01]} 12. Nd2 {[%emt 0:00:24]} Nc5 {[%emt 0:00:07]} 13. b4 {
[%emt 0:00:04]} Ne6 {[%emt 0:00:04]} 14. c5 {[%emt 0:00:05]} Rfd8 {[%emt 0:00:
10]} 15. e3 {[%emt 0:00:40]} Rd7 {[%emt 0:00:27]} 16. Qc1 {[%emt 0:00:01]} Rad8
{[%emt 0:00:05]} 17. Rd1 {[%emt 0:00:11]} Ng5 {[%emt 0:00:12]} 18. g4 {[%emt 0:
00:13]} Bd3 {[%emt 0:00:06]} 19. Nf3 {[%emt 0:00:08]} Nxf3+ {[%emt 0:00:07]}
20. Bxf3 {[%emt 0:00:01]} e4 {[%emt 0:00:16]} 21. Bg2 {[%emt 0:00:01]} h5 {
[%emt 0:00:15]} 22. g5 {[%emt 0:00:02]} Nh7 {[%emt 0:00:01]} 23. Nxe4 {[%emt 0:
00:08]} Bxe4 {[%emt 0:00:05]} 24. Rxd7 {[%emt 0:00:01]} Qxd7 {[%emt 0:00:03]}
25. Bxe4 {[%emt 0:00:01]} Nxg5 {[%emt 0:00:01]} 26. Bg2 {[%emt 0:00:05]} Nxh3+
{[%emt 0:00:01]} 27. Bxh3 {[%emt 0:00:25]} Qxh3 {[%emt 0:00:01]} 28. Qc4 {
[%emt 0:00:04]} Rd5 {[%emt 0:00:07]} 0-1

[Event "GER-ch Blitz 2019"]
[Site "Magdeburg"]
[Date "2019.05.25"]
[Round "2.4"]
[White "Svane, Frederik"]
[Black "Zuyev, Igor"]
[Result "1-0"]
[WhiteElo "2342"]
[BlackElo "2447"]
[Annotator "TA"]
[PlyCount "59"]
[EventDate "2019.05.25"]
[EventType "tourn"]
[EventCountry "GER"]
[Tiebreak "Number of wins+Number of black wins"]
[SourceTitle "playchess.com"]
[Source "ChessBase"]
[SourceQuality "1"]

{[%evp 25,145,18,26,0,0,0,0,0,0,4,16,0,0,0,16,0,0,0,14,0,0,0,0,-9,0,0,0,-7,-10,
-18,-19,-27,-22,-99,-97,-135,-63,-94,-91,-96,-80,-103,-10,-10,-10,-4,0,0,0,0,0,
0,9,0,2827,9,10,0,851,8,8,8,8,0,179,10,196,163,175,93,836,816,741,409,742,734,
703,402,402,402,612,402,640,402,866,402,402,402,402,402,29969,5442,29976,29977,
29980,29980,29987,29983,29983,29984,29985,29986,29987,29985,29987,29988,29989,
29990,29990,29991,29991,0,29986,29987,29987,29988,29988,29988,29988,29989,
29994,29995]} 1. e4 c5 2. Nf3 g6 3. d4 cxd4 4. Nxd4 Nc6 5. c4 Nf6 6. Nc3 d6 7.
Be2 Nxd4 8. Qxd4 Bg7 9. Be3 O-O 10. Qd2 Be6 11. O-O Qa5 12. Rac1 Rfc8 13. b3 a6
14. Nd5 {B36: Sicilian: Maroczy Bind: Gurgenidze System} (14. f4 b5 15. f5 Bd7
16. fxg6 hxg6 17. e5 b4 18. exf6 bxc3 19. Rxc3 Bxf6 20. Rd3 Qxd2 21. Rxd2 Bc6
22. Bd4 {1/2-1/2 (22) Mousavi,S (2470)-Pourramezanali,A (2536) Shiraz 2018})
14... Qxd2 15. Bxd2 Bxd5 16. exd5 {The position is equal.} Ne4 17. Ba5 Bd4 18.
Bd3 Nc5 19. Be2 $146 ({Predecessor:} 19. Bb1 Nd7 20. Rfe1 Ne5 21. Re4 Bc5 {
1-0 (78) Nandhidhaa,P (2176)-Toshali,V (1853) Bhayandar 2015}) 19... Ne4 20.
Bd3 Nc5 21. Be2 b6 22. Bxb6 Nxb3 $1 23. Bxd4 Nxd4 24. Bd3 e5 {[#] Threatens to
win with ...e4!} 25. dxe6 Nxe6 26. Be4 Rab8 27. Bd5 Rb2 28. Rb1 Rcb8 29. Be4 (
29. Rxb2 $11 Rxb2 30. a3) 29... Nc5 $17 30. Rxb2 {Played: Be4-c2} 1-0

[Event "GER-ch Blitz 2019"]
[Site "Magdeburg"]
[Date "2019.05.25"]
[Round "2.5"]
[White "Frischmann, Rick"]
[Black "Heidrich, Manfred"]
[Result "1-0"]
[WhiteElo "2320"]
[BlackElo "2351"]
[Annotator "NA"]
[PlyCount "57"]
[EventDate "2019.05.25"]
[EventType "tourn"]
[EventCountry "GER"]
[Tiebreak "Number of wins+Number of black wins"]
[SourceTitle "playchess.com"]
[Source "ChessBase"]
[SourceQuality "1"]
[TimeControl "180+2"]

1. e4 {[%emt 0:00:00]} c5 {[%emt 0:00:00]} 2. Nf3 {[%emt 0:00:01]} Nf6 {
[%emt 0:00:00]} 3. e5 {[%emt 0:00:04]} Nd5 {[%emt 0:00:01]} 4. Nc3 {[%emt 0:00:
01]} e6 {[%emt 0:00:01]} 5. Ne4 {[%emt 0:00:01]} Nc6 {[%emt 0:00:01]} 6. c4 {
[%emt 0:00:00]} Nc7 {[%emt 0:00:01]} 7. g3 {[%emt 0:00:18]} d6 {[%emt 0:00:12]}
8. exd6 {[%emt 0:00:04]} Bxd6 {[%emt 0:00:00]} 9. Bg2 {[%emt 0:00:04]} O-O {
[%emt 0:00:06]} 10. O-O {[%emt 0:00:02]} e5 {[%emt 0:00:01]} 11. a3 {[%emt 0:
00:11]} f5 {[%emt 0:00:08]} 12. Nxd6 {[%emt 0:00:01]} Qxd6 {[%emt 0:00:01]} 13.
d3 {[%emt 0:00:01]} h6 {[%emt 0:00:07]} 14. b4 {[%emt 0:00:03]} cxb4 {[%emt 0:
00:13]} 15. axb4 {[%emt 0:00:01]} Nxb4 {[%emt 0:00:03]} 16. Ba3 {[%emt 0:00:02]
} a5 {[%emt 0:00:14]} 17. Nxe5 {[%emt 0:00:02]} Qxe5 {[%emt 0:00:05]} 18. Bxb4
{[%emt 0:00:02]} axb4 {[%emt 0:00:00]} 19. Rxa8 {[%emt 0:00:01]} Nxa8 {[%emt 0:
00:01]} 20. d4 {[%emt 0:00:05]} Qc7 {[%emt 0:00:08]} 21. c5 {[%emt 0:00:02]}
Bd7 {[%emt 0:00:09]} 22. Qb3+ {[%emt 0:00:05]} Kh8 {[%emt 0:00:03]} 23. Qxb4 {
[%emt 0:00:01]} Rd8 {[%emt 0:00:12]} 24. Qxb7 {[%emt 0:00:13]} Qxb7 {[%emt 0:
00:02]} 25. Bxb7 {[%emt 0:00:01]} Nc7 {[%emt 0:00:02]} 26. d5 {[%emt 0:00:00]}
Rb8 {[%emt 0:00:07]} 27. c6 {[%emt 0:00:01]} Be8 {[%emt 0:00:33]} 28. d6 {
[%emt 0:00:03]} Ne6 {[%emt 0:00:07]} 29. c7 {[%emt 0:00:04]} 1-0

[Event "GER-ch Blitz 2019"]
[Site "Magdeburg"]
[Date "2019.05.25"]
[Round "2.6"]
[White "Kirchner, Thomas"]
[Black "Hirneise, Jens"]
[Result "1/2-1/2"]
[WhiteElo "2311"]
[BlackElo "2375"]
[Annotator "NA"]
[PlyCount "111"]
[EventDate "2019.05.25"]
[EventType "tourn"]
[EventCountry "GER"]
[Tiebreak "Number of wins+Number of black wins"]
[SourceTitle "playchess.com"]
[Source "ChessBase"]
[SourceQuality "1"]
[TimeControl "180+2"]

1. e4 {[%emt 0:00:00]} c5 {[%emt 0:00:00]} 2. Nf3 {[%emt 0:00:00]} d6 {[%emt 0:
00:00]} 3. Bc4 {[%emt 0:00:02]} Nc6 {[%emt 0:00:03]} 4. c3 {[%emt 0:00:01]} Nf6
{[%emt 0:00:02]} 5. d3 {[%emt 0:00:01]} g6 {[%emt 0:00:01]} 6. O-O {[%emt 0:00:
01]} Bg7 {[%emt 0:00:01]} 7. Bb3 {[%emt 0:00:01]} O-O {[%emt 0:00:01]} 8. h3 {
[%emt 0:00:01]} a6 {[%emt 0:00:07]} 9. Re1 {[%emt 0:00:01]} e5 {[%emt 0:00:02]}
10. Nbd2 {[%emt 0:00:02]} h6 {[%emt 0:00:05]} 11. Nf1 {[%emt 0:00:01]} Be6 {
[%emt 0:00:05]} 12. Ng3 {[%emt 0:00:02]} Qd7 {[%emt 0:00:07]} 13. Bc2 {[%emt 0:
00:03]} b5 {[%emt 0:00:12]} 14. Be3 {[%emt 0:00:02]} b4 {[%emt 0:00:04]} 15. d4
{[%emt 0:00:05]} bxc3 {[%emt 0:00:03]} 16. bxc3 {[%emt 0:00:01]} cxd4 {[%emt 0:
00:17]} 17. cxd4 {[%emt 0:00:01]} exd4 {[%emt 0:00:02]} 18. Nxd4 {[%emt 0:00:
02]} Nxd4 {[%emt 0:00:13]} 19. Bxd4 {[%emt 0:00:01]} d5 {[%emt 0:00:41]} 20.
Ba4 {[%emt 0:00:11]} Qd8 {[%emt 0:00:24]} 21. Bc5 {[%emt 0:00:51]} Nxe4 {
[%emt 0:00:08]} 22. Nxe4 {[%emt 0:00:18]} dxe4 {[%emt 0:00:05]} 23. Bxf8 {
[%emt 0:00:07]} Bxa1 {[%emt 0:00:24]} 24. Qxa1 {[%emt 0:00:17]} Qxf8 {[%emt 0:
00:02]} 25. Rxe4 {[%emt 0:00:04]} Rb8 {[%emt 0:00:07]} 26. Re3 {[%emt 0:00:36]}
Qd6 {[%emt 0:00:08]} 27. Bb3 {[%emt 0:00:03]} Bxb3 {[%emt 0:00:04]} 28. axb3 {
[%emt 0:00:01]} Rd8 {[%emt 0:00:09]} 29. Re1 {[%emt 0:00:13]} Kh7 {[%emt 0:00:
08]} 30. Qc1 {[%emt 0:00:12]} Qd2 {[%emt 0:00:07]} 31. Qa1 {[%emt 0:00:05]} Qd6
{[%emt 0:00:04]} 32. Rb1 {[%emt 0:00:07]} Rb8 {[%emt 0:00:03]} 33. Qa4 {
[%emt 0:00:09]} Rb7 {[%emt 0:00:03]} 34. Qc4 {[%emt 0:00:02]} Ra7 {[%emt 0:00:
02]} 35. Rc1 {[%emt 0:00:04]} Re7 {[%emt 0:00:02]} 36. b4 Qf6 {[%emt 0:00:01]}
37. Rd1 {[%emt 0:00:07]} Kg7 {[%emt 0:00:01]} 38. g3 {[%emt 0:00:04]} Rb7 {
[%emt 0:00:02]} 39. h4 {[%emt 0:00:03]} h5 {[%emt 0:00:01]} 40. Rc1 {[%emt 0:
00:02]} Qb6 {[%emt 0:00:01]} 41. Qc3+ {[%emt 0:00:02]} Qf6 {[%emt 0:00:02]} 42.
Qd2 {[%emt 0:00:02]} Qb6 {[%emt 0:00:01]} 43. Rc4 {[%emt 0:00:03]} Qf6 {
[%emt 0:00:02]} 44. Rf4 {[%emt 0:00:01]} Qe5 {[%emt 0:00:03]} 45. Kh2 {[%emt 0:
00:02]} Rc7 {[%emt 0:00:03]} 46. Qd3 {[%emt 0:00:01]} Qe6 {[%emt 0:00:05]} 47.
Qd4+ {[%emt 0:00:02]} Kh7 {[%emt 0:00:03]} 48. Re4 {[%emt 0:00:02]} Qd7 {
[%emt 0:00:01]} 49. Qf6 {[%emt 0:00:01]} Rc6 {[%emt 0:00:01]} 50. Qf4 {[%emt 0:
00:02]} Qc7 {[%emt 0:00:01]} 51. Qf3 {[%emt 0:00:02]} Kg7 {[%emt 0:00:02]} 52.
Re8 {[%emt 0:00:02]} Rf6 {[%emt 0:00:02]} 53. Qe3 {[%emt 0:00:02]} Qb6 {
[%emt 0:00:02]} 54. Kg2 {[%emt 0:00:07]} Qxe3 {[%emt 0:00:01]} 55. Rxe3 {
[%emt 0:00:01]} Rb6 {[%emt 0:00:01]} 56. Re4 {[%emt 0:00:01]} 1/2-1/2

[Event "GER-ch Blitz 2019"]
[Site "Magdeburg"]
[Date "2019.05.25"]
[Round "2.7"]
[White "Stern, Rene"]
[Black "Kopylov, Michael"]
[Result "1-0"]
[WhiteElo "2538"]
[BlackElo "2413"]
[Annotator "RC"]
[PlyCount "83"]
[EventDate "2019.05.25"]
[EventType "tourn"]
[EventCountry "GER"]
[Tiebreak "Number of wins+Number of black wins"]
[SourceTitle "playchess.com"]
[Source "ChessBase"]
[SourceQuality "1"]
[TimeControl "180+2"]

1. Nf3 {[%emt 0:00:00]} d5 {[%emt 0:00:00]} 2. d4 {[%emt 0:00:02]} e6 {[%emt 0:
00:02]} 3. c4 {[%emt 0:00:02]} c6 {[%emt 0:00:02]} 4. e3 {[%emt 0:00:02]} Nf6 {
[%emt 0:00:02]} 5. Bd3 {[%emt 0:00:05]} Nbd7 {[%emt 0:00:02]} 6. Nbd2 {[%emt 0:
00:02]} Be7 {[%emt 0:00:06]} 7. O-O {[%emt 0:00:03]} O-O {[%emt 0:00:01]} 8. b3
{[%emt 0:00:01]} b6 {[%emt 0:00:02]} 9. Bb2 {[%emt 0:00:01]} Bb7 {[%emt 0:00:
01]} 10. Qe2 {[%emt 0:00:03]} c5 {[%emt 0:00:05]} 11. Rad1 {[%emt 0:00:08]}
cxd4 {[%emt 0:00:05]} 12. Nxd4 {[%emt 0:00:02]} Rc8 {[%emt 0:00:08]} 13. cxd5 {
[%emt 0:00:03]} Nxd5 {[%emt 0:00:07]} 14. Ba6 {[%emt 0:00:26]} Bxa6 {[%emt 0:
00:20]} 15. Qxa6 {[%emt 0:00:02]} Nc5 {[%emt 0:00:02]} 16. Qe2 {[%emt 0:00:11]}
Bf6 {[%emt 0:00:02]} 17. Nc4 {[%emt 0:00:11]} Qe7 {[%emt 0:00:07]} 18. e4 {
[%emt 0:00:15]} Nf4 {[%emt 0:00:41]} 19. Qe3 {[%emt 0:00:01]} Bxd4 {[%emt 0:00:
17]} 20. Bxd4 {[%emt 0:00:10]} Ng6 {[%emt 0:00:12]} 21. e5 {[%emt 0:00:17]}
Rcd8 {[%emt 0:00:32]} 22. g3 {[%emt 0:00:14]} Rd5 23. h4 {[%emt 0:00:19]} Qc7 {
[%emt 0:00:10]} 24. Nd6 {[%emt 0:00:12]} h6 {[%emt 0:00:07]} 25. Rc1 {[%emt 0:
00:07]} Qd7 {[%emt 0:00:26]} 26. h5 {[%emt 0:00:09]} Ne7 {[%emt 0:00:01]} 27.
Bxc5 {[%emt 0:00:01]} bxc5 {[%emt 0:00:01]} 28. Rxc5 {[%emt 0:00:01]} Rxc5 29.
Qxc5 {[%emt 0:00:02]} Nd5 {[%emt 0:00:07]} 30. Rc1 {[%emt 0:00:04]} Rb8 {
[%emt 0:00:05]} 31. Rc4 {[%emt 0:00:24]} Qe7 {[%emt 0:00:02]} 32. Qd4 {[%emt 0:
00:04]} Qg5 {[%emt 0:00:02]} 33. Qd1 {[%emt 0:00:05]} Qxe5 {[%emt 0:00:03]} 34.
Ne4 {[%emt 0:00:05]} Qf5 {[%emt 0:00:04]} 35. Kg2 {[%emt 0:00:04]} a5 {[%emt 0:
00:02]} 36. Qf3 {[%emt 0:00:01]} Qe5 {[%emt 0:00:02]} 37. Qd3 {[%emt 0:00:05]}
Qxh5 {[%emt 0:00:03]} 38. Qc2 {[%emt 0:00:01]} Qe5 39. Rc8+ Rxc8 40. Qxc8+ Kh7
41. Qc2 f5 42. Nc5 1-0

[Event "GER-ch Blitz 2019"]
[Site "Magdeburg"]
[Date "2019.05.25"]
[Round "2.8"]
[White "Ehmann, Thilo"]
[Black "Schulz, Karsten"]
[Result "1-0"]
[WhiteElo "2291"]
[BlackElo "2227"]
[Annotator "NA"]
[PlyCount "137"]
[EventDate "2019.05.25"]
[EventType "tourn"]
[EventCountry "GER"]
[Tiebreak "Number of wins+Number of black wins"]
[SourceTitle "playchess.com"]
[Source "ChessBase"]
[SourceQuality "1"]
[TimeControl "180+2"]

1. e4 {[%emt 0:00:00]} g6 {[%emt 0:00:00]} 2. d4 {[%emt 0:00:02]} Bg7 {[%emt 0:
00:02]} 3. Nf3 {[%emt 0:00:02]} d6 {[%emt 0:00:02]} 4. Bd3 {[%emt 0:00:02]} Nf6
{[%emt 0:00:02]} 5. O-O {[%emt 0:00:02]} O-O {[%emt 0:00:02]} 6. c3 {[%emt 0:
00:13]} Nc6 {[%emt 0:00:02]} 7. h3 {[%emt 0:00:02]} e5 {[%emt 0:00:02]} 8. Re1
{[%emt 0:00:08]} Nh5 {[%emt 0:00:05]} 9. Bc2 {[%emt 0:00:01]} h6 {[%emt 0:00:
05]} 10. Nbd2 {[%emt 0:00:06]} exd4 {[%emt 0:00:06]} 11. cxd4 {[%emt 0:00:01]}
Nxd4 {[%emt 0:00:02]} 12. Nxd4 {[%emt 0:00:00]} Bxd4 {[%emt 0:00:02]} 13. Nf3 {
[%emt 0:00:26]} Bg7 {[%emt 0:00:02]} 14. Be3 {[%emt 0:00:08]} a6 {[%emt 0:00:
05]} 15. Qd2 {[%emt 0:00:01]} Kh7 {[%emt 0:00:03]} 16. Nd4 {[%emt 0:00:02]} Bd7
{[%emt 0:00:12]} 17. f4 {[%emt 0:00:04]} Qe7 {[%emt 0:00:09]} 18. Rad1 {
[%emt 0:00:16]} Rad8 {[%emt 0:00:12]} 19. g4 {[%emt 0:00:22]} Nf6 {[%emt 0:00:
08]} 20. Bf2 {[%emt 0:00:05]} c5 {[%emt 0:00:03]} 21. Nf3 {[%emt 0:00:12]} Bc6
{[%emt 0:00:05]} 22. Qe2 {[%emt 0:00:18]} Rfe8 {[%emt 0:00:08]} 23. Bh4 {
[%emt 0:00:13]} Qc7 {[%emt 0:00:36]} 24. Nd2 {[%emt 0:00:22]} Rc8 {[%emt 0:00:
14]} 25. Qf1 {[%emt 0:00:06]} b5 {[%emt 0:00:17]} 26. b3 {[%emt 0:00:02]} Qb7 {
[%emt 0:00:07]} 27. e5 {[%emt 0:00:02]} Nd5 {[%emt 0:00:07]} 28. Ne4 {[%emt 0:
00:09]} dxe5 {[%emt 0:00:06]} 29. Nd6 {[%emt 0:00:00]} Qa7 {[%emt 0:00:07]} 30.
Nxe8 {[%emt 0:00:05]} Rxe8 {[%emt 0:00:03]} 31. Be4 {[%emt 0:00:10]} Qb7 {
[%emt 0:00:09]} 32. f5 {[%emt 0:00:02]} Nf4 {[%emt 0:00:03]} 33. Bxc6 Qxc6 {
[%emt 0:00:01]} 34. Bg3 {[%emt 0:00:02]} Nd5 {[%emt 0:00:11]} 35. Qg2 {[%emt 0:
00:01]} Nb4 {[%emt 0:00:05]} 36. Qxc6 {[%emt 0:00:01]} Nxc6 {[%emt 0:00:01]}
37. Rc1 {[%emt 0:00:00]} Nd4 {[%emt 0:00:01]} 38. Rxc5 {[%emt 0:00:02]} Nf3+ {
[%emt 0:00:01]} 39. Kf2 {[%emt 0:00:00]} Nxe1 40. Kxe1 gxf5 {[%emt 0:00:04]}
41. gxf5 {[%emt 0:00:01]} e4 {[%emt 0:00:02]} 42. Rc6 {[%emt 0:00:03]} a5 {
[%emt 0:00:05]} 43. Rc5 {[%emt 0:00:02]} a4 {[%emt 0:00:02]} 44. Rxb5 {[%emt 0:
00:01]} axb3 {[%emt 0:00:01]} 45. axb3 {[%emt 0:00:01]} Bf6 {[%emt 0:00:03]}
46. Bf4 {[%emt 0:00:02]} Rc8 {[%emt 0:00:03]} 47. Rb6 {[%emt 0:00:02]} Kg7 {
[%emt 0:00:06]} 48. Kd2 {[%emt 0:00:03]} Rd8+ {[%emt 0:00:02]} 49. Ke3 {
[%emt 0:00:01]} Rd3+ {[%emt 0:00:02]} 50. Kxe4 {[%emt 0:00:01]} Rxh3 {[%emt 0:
00:02]} 51. b4 {[%emt 0:00:01]} Rb3 {[%emt 0:00:03]} 52. Bxh6+ {[%emt 0:00:02]}
Kxh6 {[%emt 0:00:02]} 53. Rxf6+ {[%emt 0:00:01]} Kg5 {[%emt 0:00:02]} 54. Rb6 {
[%emt 0:00:01]} f6 {[%emt 0:00:02]} 55. Rb5 {[%emt 0:00:01]} Rb1 {[%emt 0:00:
01]} 56. Kd4 {[%emt 0:00:02]} Kf4 {[%emt 0:00:01]} 57. Kc3 {[%emt 0:00:04]} Ke4
{[%emt 0:00:03]} 58. Rc5 {[%emt 0:00:01]} Rc1+ {[%emt 0:00:02]} 59. Kb3 {
[%emt 0:00:02]} Rb1+ {[%emt 0:00:02]} 60. Ka4 {[%emt 0:00:01]} Ra1+ {[%emt 0:
00:02]} 61. Kb5 {[%emt 0:00:01]} Rb1 {[%emt 0:00:01]} 62. Ka5 {[%emt 0:00:01]}
Ra1+ {[%emt 0:00:01]} 63. Kb6 {[%emt 0:00:00]} Rb1 {[%emt 0:00:01]} 64. b5 {
[%emt 0:00:01]} Rb2 {[%emt 0:00:03]} 65. Kc6 {[%emt 0:00:02]} Ra2 {[%emt 0:00:
05]} 66. b6 {[%emt 0:00:00]} Rb2 {[%emt 0:00:02]} 67. b7 {[%emt 0:00:03]} Kd4 {
[%emt 0:00:03]} 68. Rb5 {[%emt 0:00:01]} Rc2+ {[%emt 0:00:01]} 69. Kd7 {
[%emt 0:00:01] Kd5} 1-0